logo

Bir Sreshtho Munshi Abdur Rouf Library
Jhenaidah Cadet College

Capital : (Record no. 8567)

MARC details
000 -LEADER
fixed length control field 01574nam a2200433 a 4500
001 - CONTROL NUMBER
JCCL Control Number 8567
003 - CONTROL NUMBER IDENTIFIER
JCCL marc code BD - JhCC
005 - DATE AND TIME OF LATEST TRANSACTION
control field 20180925180054.0
008 - FIXED-LENGTH DATA ELEMENTS--GENERAL INFORMATION
fixed length control field 880808m19761981enk b 001 0 eng d
020 ## - INTERNATIONAL STANDARD BOOK NUMBER
International Standard Book Number 0140219285 (v.1)
020 ## - INTERNATIONAL STANDARD BOOK NUMBER
International Standard Book Number 0140219714 (v.2)
020 ## - INTERNATIONAL STANDARD BOOK NUMBER
International Standard Book Number 0140221166 (v.3)
035 ## - SYSTEM CONTROL NUMBER
system control number (BD - JhCC)8567
040 ## - CATALOGING SOURCE
Original cataloging agency MIA MIA m.c EQO
Modifying agency BD-JhCC
041 1# - LANGUAGE CODE
Language code of Book eng
Language code of original and/or intermediate translations of text ger
082 ## - DEWEY DECIMAL CLASSIFICATION NUMBER
Author mark and Year MAR 1976
Classification number 335.41
090 ## - LOCALLY ASSIGNED LC-TYPE CALL NUMBER (OCLC); LOCAL CALL NUMBER (OCLC)
Classification number (OCLC) (R) ; Classification number, CALL (RLIN) (NR) HB501
Local cutter number (OCLC) ; Book number/undivided call number, CALL (RLIN) .M36 1976
100 1# - MAIN ENTRY--PERSONAL NAME
Personal name Marx, Karl,
Dates associated with a name 1818-1883.
240 10 - UNIFORM TITLE
Uniform title Kapital.
245 10 - TITLE STATEMENT
Title Capital :
Remainder of title a critique of political economy /
Statement of responsibility, etc Karl Marx ; introduced by Ernest Mandel ; translated by Ben Fowkes
260 ## - PUBLICATION, DISTRIBUTION, ETC. (IMPRINT)
Place of publication, distribution, etc Harmondsworth :
Name of publisher, distributor, etc Penguin Books ;
Place of publication, distribution, etc London :
Name of publisher, distributor, etc New Left Review,
Date of publication, distribution, etc 1976-1981
300 ## - PHYSICAL DESCRIPTION
Pagination 3 v. ;
Dimensions 20 cm
500 ## - GENERAL NOTE
General note Translation of: Das Kapital
500 ## - GENERAL NOTE
General note v. 1 translated by Ben Fowkes ; v. 2 and 3 translated by David Fernbach
504 ## - BIBLIOGRAPHY, ETC. NOTE
Bibliography, etc Bibliography: v. 1, p. [1095]-1119 ; v. 2, p. [603]-608 ; v. 3, p. [1050]-1065
504 ## - BIBLIOGRAPHY, ETC. NOTE
Bibliography, etc Includes indexes
505 0# - FORMATTED CONTENTS NOTE
Formatted contents note v.1 The process of production of capital -- v.2 The process of circulation of capital -- v.3 The process of capitalist production as a whole
650 #0 - SUBJECT ADDED ENTRY--TOPICAL TERM
Topical term or geographic name as entry element Capital
650 #0 - SUBJECT ADDED ENTRY--TOPICAL TERM
Topical term or geographic name as entry element Marxian economics
700 1# - ADDED ENTRY--PERSONAL NAME
Personal name Mandel, Ernest.
700 1# - ADDED ENTRY--PERSONAL NAME
Personal name Fowkes, Ben.
700 1# - ADDED ENTRY--PERSONAL NAME
Personal name Fernbach, David.
740 02 -
Uncontrolled related/analytical title Process of production of capital
740 02 -
Uncontrolled related/analytical title Process of production of circulation of capital
740 02 -
Uncontrolled related/analytical title Process of capitalist production as a whole
830 #0 - SERIES ADDED ENTRY--UNIFORM TITLE
Uniform title Pelican Marx library
942 ## - ADDED ENTRY ELEMENTS (KOHA)
Source of classification or shelving scheme Dewey Decimal Classification
Koha item type Books
Holdings
Source of classification or shelving scheme volume number Damaged status Not for loan Home library Current library Shelving location Total Checkouts Full call number Barcode Date last seen Copy number Koha item type
Dewey Decimal Classification V-3     JCC Rouf Library JCC Rouf Library General Stacks   335.41 MAR 1976 11326 02/27/2018 C - 1 Books

JCC Library | Contacts | JCC Home

Last Update on 23 September 2017
Copyright @ 2017-2020 JCC Rouf Library
Rouf Library, Jhenidah Cadet College (JCC), Bangladesh